Normal view
MARC view
- Romero Sabater, Inmaculada
Entry Nombre Personal
001 - NUMERO DE CONTROL
- campo de control: 46768
003 - IDENTIFICADOR DE NUMERO DE CONTROL
- campo de control: UPN
005 - FECHA Y HORA DE LA ÜLTIMA TRANSACCIÓN
- campo de control: 20220926164323.0
008 - DATOS DE LONGITUD FIJA
- campo de control de longitud fija: 220926|||az|nnaabn a aba d
040 ## - FUENTE DE CATALOGACIÓN
- Agencia original de catalogación: MX-MxUPN
- Lenguaje de catalogación: spa
- Description conventions: rda
100 1# - ENCABEZAMIENTO - NOMBRE PERSONAL
- Nombre personal: Romero Sabater, Inmaculada
374 ## - OCUPACIÓN
- Occupation: Psicóloga
375 ## - GÉNERO
- Gender: femenino
377 ## - LENGUA ASOCIADA
- Language code: spa
400 1# - VEÁSE - NOMBRE DE PERSONA
- Personal name: Sabater, Inmaculada Romero
670 ## - FUENTE EN LA QUE SE LOCALIZARON DATOS
- Cita de la fuente: Guía de prevención de la violencia de género, 2020 :
- Información localizada: portada (Inmaculada Romero Sabater) página 11 (Inmaculada Romero Sabater, psicóloga general sanitaria... especialista en violencia de género y en psicoterapia psicoanalítica).
902 ## - CATALOGADOR
- Catalogador: VAGG/260922
